Statistics for First 99 Films to be Watching by 1 Million Members on Letterboxd

Click here to take the quiz!

General Stats

  • This quiz has been taken 9 times
  • The average score is 41 of 99

Answer Stats

YearAnswer% Correct
2008Iron Man
100%
1977Star Wars
100%
2012The Avengers
100%
2019Avengers: Endgame
89%
2018Avengers: Infinity War
89%
2005Batman Begins
89%
2010Inception
89%
2022The Batman
89%
2008The Dark Knight
89%
2018Black Panther
78%
2014Interstellar
78%
2002Spider-Man
78%
2004Spider-Man 2
78%
2012The Dark Knight Rises
78%
2017Thor: Ragnarok
78%
2011Captain America: The First Avenger
67%
2014Guardians of the Galaxy
67%
2019Joker
67%
2019Parasite
67%
1980The Empire Strikes Back
67%
2001The Lord of the Rings: The Fellowship of the Ring
67%
2003The Lord of the Rings: The Return of the King
67%
1994The Shawshank Redemption
67%
1997Titanic
67%
1995Toy Story
67%
2009Avatar
56%
2016Captain America: Civil War
56%
2012Django Unchained
56%
1994Forrest Gump
56%
2017Guardians of the Galaxy Vol. 2
56%
1994Pulp Fiction
56%
2019Spider-Man: Far from Home
56%
2017Spider-Man: Homecoming
56%
2018Spider-Man: Into the Spider-Verse
56%
2021Spider-Man: No Way Home
56%
1972The Godfather
56%
1994The Lion King
56%
1980The Shining
56%
2010Toy Story 3
56%
2009Up
56%
2015Ant-Man
44%
2015Avengers: Age of Ultron
44%
2017Dunkirk
44%
1999Fight Club
44%
2003Finding Nemo
44%
2009Inglourious Basterds
44%
1993Jurassic Park
44%
2015Mad Max: Fury Road
44%
2010Shutter Island
44%
2015Star Wars: The Force Awakens
44%
2000American Psycho
33%
1985Back to the Future
33%
2014Captain America: The Winter Soldier
33%
2017Coco
33%
2015Inside Out
33%
2019Once Upon a Time… in Hollywood
33%
1995Se7en
33%
2001Shrek
33%
2017Star Wars: The Last Jedi
33%
1991The Silence of the Lambs
33%
2013The Wolf of Wall Street
33%
2016Arrival
22%
2010Black Swan
22%
2016Deadpool
22%
2016Doctor Strange
22%
2013Her
22%
2017It
22%
2003Kill Bill: Vol. 1
22%
2019Knives Out
22%
2001Monsters, Inc.
22%
2007Ratatouille
22%
2001Spirited Away
22%
2004The Incredibles
22%
1999The Matrix
22%
2010The Social Network
22%
2014Whiplash
22%
2017Call Me by Your Name
11%
2017Get Out
11%
2014Gone Girl
11%
2019Jojo Rabbit
11%
2017Lady Bird
11%
2016La La Land
11%
2010Scott Pilgrim vs. the World
11%
2014The Grand Budapest Hotel
11%
2012The Hunger Games
11%
1998The Truman Show
11%
2018A Quiet Place
0%
2017Baby Driver
0%
2004Eternal Sunshine of the Spotless Mind
0%
2002Harry Potter and the Chamber of Secrets
0%
2011Harry Potter and the Deathly Hallows: Part 2
0%
2005Harry Potter and the Goblet of Fire
0%
2007Harry Potter and the Order of the Phoenix
0%
2001Harry Potter and the Philosopher's Stone
0%
2004Harry Potter and the Prisoner of Azkaban
0%
1990Home Alone
0%
2019Midsommar
0%
1985The Breakfast Club
0%
2008WALL·E
0%

Score Distribution

Percentile by Number Answered

Percent of People with Each Score

Your Score History

You have not taken this quiz